| 000 | 00000nas 2200000za 4500 |
| 001 | 9.870510 |
| 003 | CaOODSP |
| 005 | 20221107163132 |
| 007 | cr ||||||||||| |
| 008 | 190325d19822010qucar p oss f0 b0fre|d |
| 020 | |z0-662-59975-6|z0-662-60332-X|z0-662-62622-2 |
| 040 | |aCaOODSP|bfre |
| 041 | 0 |aeng|afre |
| 043 | |an-cn--- |
| 086 | 1 |aH75-20-PDF|zH75-20/1991|zH75-20/1992|zH75-20/1994 |
| 110 | 2 |aRégime de pensions du Canada. |
| 245 | 10|aCanada Pension Plan contributors |h[ressource électronique] = |bCotisants du Régime de pensions du Canada. |
| 246 | 11|aCotisants du Régime de pensions du Canada |
| 260 | |a[Gatineau (Québec)] : |bHealth and Welfare Canada = Santé et Bien-être social Canada. |
| 310 | |aAnnuel |
| 362 | 1 |aParaît depuis 1982? Ne paraît plus après 2010? |
| 500 | |aEn majeure partie des tableaux. |
| 546 | |aTexte en englais et en français. |
| 692 | 07|2gccst|aPension |
| 692 | 07|2gccst|aDéveloppement social |
| 710 | 1 |aCanada. |bSanté et bien-être social Canada. |
| 785 | 00|tCanada Pension Plan contributors report |w(CaOODSP)9.859569 |
| 791 | |tCanada Pension Plan contributors |eeng|w(CaOODSP)9.870507 |